Normal view
MARC view
Entry Personal Name
001 - CONTROL NUMBER
- control field: 25425
003 - CONTROL NUMBER IDENTIFIER
- control field: OSt
005 - DATE AND TIME OF LATEST TRANSACTION
- control field: 20230607103349.0
008 - FIXED-LENGTH DATA ELEMENTS
- fixed length control field: 230607|| aca||aabn | a|a d
040 ## - CATALOGING SOURCE
- Original cataloging agency: OSt
- Transcribing agency: OSt
100 ## - HEADING--PERSONAL NAME
- Personal name: ထမ်ႇမသႃႇမိ၊
- Titles and other words associated with a name: ၸဝ်ႈၶူးလူင် Prof. Dr. ၶမ်းမၢႆ။
670 ## - SOURCE DATA FOUND
- Source citation: Work cat.: (OSt): ထမ်ႇမသႃႇမိ၊ ၸဝ်ႈၶူးလူင် Prof. Dr. ၶမ်းမၢႆ။, တၢင်းႁၼ်ထိုင် ၸဝ်ႈထမ်ႇမ - Sao Dhamma and his Vision /, 2014 ။